000 02185cam a22004814i 4500
003 PE-LiUPU
005 20250731173124.0
008 150623s r 000 0 d
020 _a9966850031
035 _a(Sirsi) i9789966850034
040 _aPE-LiUPU
_bspa
_cPE-LiUPU
_erda
049 _aPRUA
082 0 4 _a291.175
_bE33
_221
100 1 _aEitel Keith E.,
_eautor.
245 1 0 _aTransforming culture :
_bdeveloping a biblical ethic in an African context /
_cKeith E. Eitel.
264 1 _aNairobi :
_bEvangel Publishing House,
_c1986.
300 _a185 páginas ;
_c21 centímetros
336 _atext
_2rdacontent
337 _aunmediated
_2rdamedia
338 _avolume
_2rdacarrier
500 _aEdición mimeografiada.
504 _aIncluye bibliografía.
505 0 _aIntroduction: The problem. Methodology. Perspective. Prolegomena: Philosophical foundations. The Bible as revelation. Contextualization. General Ethics. Cross-cultural application of biblical standards. Summary. Biblical attitudes for biblical ethics: Background to the ethics of Jesus. Ethics in the early church. Working biblical model for personal ethics. Principle. The model in a working format. Polygamy in cameroon. Description of polygamy and common justification for its practice. Application of biblical principles. Significance of the model in relation to polygamy and other ethical concerns. Polygamists and the church body.
526 _aSEG42
526 _aSEG41
526 _aSEG40
526 _aSEG39
526 _aP94
526 _aP87
526 _aP86
526 _aP85
526 _aP77
526 _aP76
526 _aP35
650 0 4 _aEtica cristiana
_zAfrica.
650 0 4 _aReligión y cultura.
942 _2ddc
_cBOOK
949 _a291.175 E33
_wDEWEY
_c1
_i51112
_lCCODEBUL1
_mBUL
_p10.00
_r0
_sY
_tBOOK
_u2015-6-24
_xTEOLOGIA
_PP35
_0COMPRA
_o.STAFF. Colección General
994 _aC0
_bPEPRU
596 _a1
999 _a291.175 E33
_wDEWEY
_c32808
_i51112
_d32808
_f2021-11-11
_g5
_lCCODEBUL1
_mBUL
_p10.00
_q1
_r0
_sY
_tBOOK
_u2015-6-24
_xTEOLOGIA
_PP35
_0COMPRA
_o.STAFF. Colección General
980 _81
_gALBERTO SANCHEZ Responsable de Automatización